Logo

Description automatically generated
विद्यार्जन
 संसाधन केंद्र, भारतीय प्रौद्योगिकी संस्थान इन्दौर
Learning Resource Center, Indian Institute of Technology Indore

ऑनलाइन सार्वजनिक अभिगम प्रसूची
Online Public Access Catalogue (OPAC)

Auditorium acoustics and architectural design [2nd ed.] (Record no. 53150)

MARC details
000 -LEADER
fixed length control field 00633nam a22002177a 4500
005 - DATE AND TIME OF LATEST TRANSACTION
control field 20260427094841.0
008 - FIXED-LENGTH DATA ELEMENTS--GENERAL INFORMATION
fixed length control field 260427b |||||||| |||| 00| 0 eng d
020 ## - INTERNATIONAL STANDARD BOOK NUMBER
International Standard Book Number 9780367202873
Qualifying information hb
082 ## - DEWEY DECIMAL CLASSIFICATION NUMBER
Classification number 725.81
Item number BAR.2E
100 ## - MAIN ENTRY--PERSONAL NAME
Personal name Barron, Michael
245 ## - TITLE STATEMENT
Title Auditorium acoustics and architectural design [2nd ed.]
250 ## - EDITION STATEMENT
Edition statement 2nd ed. 2014 ; rep. 2026
260 ## - PUBLICATION, DISTRIBUTION, ETC.
Place of publication, distribution, etc. New York
Name of publisher, distributor, etc. Routledge, Taylor and Francis Group
Date of publication, distribution, etc. 2014
300 ## - PHYSICAL DESCRIPTION
Extent xiv, 489p. ; 25cm.
653 ## - INDEX TERM--UNCONTROLLED
Uncontrolled term Architechtural acoustics
653 ## - INDEX TERM--UNCONTROLLED
Uncontrolled term Music-halls-Great Britain
653 ## - INDEX TERM--UNCONTROLLED
Uncontrolled term Music-halls
653 ## - INDEX TERM--UNCONTROLLED
Uncontrolled term ME432
653 ## - INDEX TERM--UNCONTROLLED
Uncontrolled term ME632
942 ## - ADDED ENTRY ELEMENTS (KOHA)
Source of classification or shelving scheme Dewey Decimal Classification
Koha item type Book
Holdings
Withdrawn status Lost status Source of classification or shelving scheme Damaged status Not for loan Home library Current library Shelving location Date acquired Source of acquisition Total Checkouts Full call number Barcode Date last seen Price effective from Koha item type
    Dewey Decimal Classification     LRC, IIT Indore LRC, IIT Indore 2nd Floor - General Stack 24/04/2026 PO_2025-26_PO-118 ,Vendor: Education World, Indore ; Inv. No.: HO/IN/26-27/46, dt.17.04.2026 ; Price: INR 3995.00   725.81 BAR.2E 38826 28/04/2026 27/04/2026 Book
Copyright © 2024, 2021, 2017 Indian Institute of Technology Indore. All Rights Reserved.
Managed & maintained by Learning Resource Center, IIT Indore